000 00316nam a22001337a 4500
020 _a978-0-19-806464-0
082 _a030
_bBUT/E
100 _aBUTTERFIELD, JEREMY
245 _aOXFORD A-Z OF ENGLISH USAGE
260 _aDELHI
_bOXFORD PUBLICATIONS
_c2010
300 _a172
650 _aDICTIONARY
_zINDIA
942 _cBK
999 _c1719
_d1719